2024 QS世界大学综合排名(附带提示版本) 2024 QS World University Rankings (with hints) - Statistics

General Stats
  • This quiz has been taken 338 times
  • The average score is 51 of 101
Answer Stats
排名 国家 院校 校徽 % Correct
3 USA 牛津大学
97%
2 USA 剑桥大学
96%
5 USA 斯坦福大学
95%
1 USA 麻省理工学院
94%
17 USA 北京大学
94%
25 USA 清华大学
94%
4 USA 哈佛大学
92%
28= USA 东京大学
89%
50 USA 复旦大学
87%
8 USA 新加坡国立大学
86%
26= USA USA 香港大学
86%
6 USA 帝国理工学院
84%
10 USA 加州大学伯克利分校
84%
19= USA 悉尼大学
84%
44 USA 浙江大学
82%
51 USA 上海交通大学
78%
57 USA 杜克大学
76%
21 USA 多伦多大学
75%
38= USA 纽约大学
75%
48= USA USA 香港中文大学
75%
48 USA 西北大学
72%
9 USA 伦敦大学学院
71%
30 USA 加州大学洛杉矶分校
71%
14 USA 墨尔本大学
70%
26 USA 南洋理工大学
70%
54 USA 路德维希 - 马克西米利安 - 慕尼黑大学
67%
85 USA 隆德大学
67%
7 USA 苏黎世联邦理工大学
66%
15 USA 加州理工大学
64%
19 USA 新南威尔士大学
64%
70 USA USA 香港城市大学
64%
16 USA 耶鲁大学
63%
40 USA 伦敦国王学院
63%
45 USA 伦敦经济政治学院
63%
22 USA USA 爱丁堡大学
62%
41 USA 首尔国立大学
62%
91= USA 苏黎世大学
62%
46 USA 京都大学
60%
31 USA 麦吉尔大学
58%
65 USA USA 香港理工大学
56%
69 USA USA 台湾大学
56%
99 USA 普渡大学
56%
33 USA 密歇根大学
55%
34 USA 澳大利亚国立大学
55%
34= USA 不列颠哥伦比亚大学
55%
32 USA 曼彻斯特大学
51%
62 USA 加州大学圣地亚哥分校
51%
36 USA 洛桑联邦理工学院
50%
60 USA USA 香港科技大学
50%
79 USA 高丽大学
49%
17= USA 普林斯顿大学
48%
37 USA 慕尼黑工业大学
48%
23 USA 哥伦比亚大学
47%
97 USA 乔治亚理工学院
47%
13 USA 康奈尔大学
45%
56 USA 韩国科学技术研究所
45%
91 USA 东京工业大学
44%
12 USA 宾夕法尼亚大学
42%
24 USA 巴黎科技艺术人文大学
42%
65= USA 马来亚大学
42%
76 USA USA 格拉斯哥大学
42%
84 USA 伯明翰大学
42%
87 USA 罗蒙诺索夫莫斯科国立大学
42%
11 USA 芝加哥大学
41%
67 USA 华威大学
41%
93 USA 波士顿大学
41%
52 USA 卡内基梅隆大学
38%
43 USA 昆士兰大学
37%
73= USA 皇家理工学院
36%
28 USA 约翰霍普金斯大学
35%
76= USA 延世大学
34%
89 USA 阿德莱德大学
34%
68 USA 奥克兰大学
33%
72 USA 西澳大学
33%
85= USA 圣保罗大学
33%
90 USA 悉尼科技大学
33%
100= USA 诺丁汉大学
33%
80 USA 大阪大学
32%
53 USA 阿姆斯特丹大学
31%
81 USA 都柏林三一学院
31%
61 USA 鲁汶大学
29%
100 USA 浦项科技大学
27%
63 USA 华盛顿大学
26%
42 USA 蒙纳士大学
21%
59 USA 索邦大学
21%
71 USA 巴黎萨克雷大学
21%
95 USA 布宜诺斯艾利斯大学
20%
98 USA 柏林自由大学
20%
64 USA 伊利诺伊大学香槟分校
19%
75 USA 利兹大学
18%
73 USA 布朗大学
17%
47 USA 代尔夫特理工大学
16%
81= USA 南安普顿大学
16%
58 USA 德克萨斯大学奥斯汀分校
15%
55 USA 布里斯托大学
14%
38 USA 巴黎理工学院
13%
83 USA 宾夕法尼亚州立大学
13%
78 USA 杜伦大学
12%
87= USA 鲁普莱希特-卡尔斯-海德堡大学
10%
93= USA 墨西哥国立自治大学
10%
95= USA 圣安德鲁斯大学
7%
No matching quizzes found
Score Distribution
Percent of People with Each Score
Percentile by Number Answered
Your Score History
You have not taken this quiz